El forastero misterioso / (Registro nro. 8497)

Detalles MARC
000 -LEADER
fixed length control field 01014nam a22003377a 4500
001 - CONTROL NUMBER
control field 0074
003 - CONTROL NUMBER IDENTIFIER
control field DO-SdBNP
005 - DATE AND TIME OF LATEST TRANSACTION
control field 20180125094557.0
007 - PHYSICAL DESCRIPTION FIXED FIELD--GENERAL INFORMATION
fixed length control field 0074
008 - FIXED-LENGTH DATA ELEMENTS--GENERAL INFORMATION
fixed length control field 151029b sp 1983 ||||| |||| 00| 0 spa d
020 ## - INTERNATIONAL STANDARD BOOK NUMBER
International Standard Book Number 8475251110
040 ## - CATALOGING SOURCE
Original cataloging agency BPMSU
Language of cataloging spa
Transcribing agency BPMSU
092 ## - LOCALLY ASSIGNED DEWEY CALL NUMBER (OCLC)
Classification number xxxxx
Item number xxxxx
100 10 - MAIN ENTRY--PERSONAL NAME
Personal name Twain, Mark,
Dates associated with a name 1835-1910.
245 13 - TITLE STATEMENT
Title El forastero misterioso /
Statement of responsibility, etc. Mark Twain ; traducción Doris Rolfe ; ilustración Julio Gutiérrez Mas
246 14 - VARYING FORM OF TITLE
Title proper/short title The mysterious stranger
250 ## - EDITION STATEMENT
Edition statement 2a ed.
260 ## - PUBLICATION, DISTRIBUTION, ETC. (IMPRINT)
Place of publication, distribution, etc. Madrid, España :
Name of publisher, distributor, etc. Anaya,
Date of publication, distribution, etc. 1983.
300 ## - PHYSICAL DESCRIPTION
Extent 194 p. :
Other physical details il. ;
Dimensions 20 cm.
490 10 - SERIES STATEMENT
Series statement Tus libros
490 10 - SERIES STATEMENT
Series statement Satíricos
Volume/sequential designation 28
500 ## - GENERAL NOTE
General note Incluye notas y referencias bibliográficas al pie de las páginas
504 ## - BIBLIOGRAPHY, ETC. NOTE
Bibliography, etc Bibliografías : p. 191-194
700 10 - ADDED ENTRY--PERSONAL NAME
Personal name Rolfe, Doris,
Relator term tr.
700 10 - ADDED ENTRY--PERSONAL NAME
Personal name Gutiérrez Mas, Julio,
Relator term il.
830 #0 - SERIES ADDED ENTRY--UNIFORM TITLE
Uniform title Tus libros
830 #0 - SERIES ADDED ENTRY--UNIFORM TITLE
Uniform title Satíricos
Number of part/section of a work 28
942 ## - ADDED ENTRY ELEMENTS (KOHA)
Source of classification or shelving scheme Dewey Decimal Classification
Koha item type Libros
945 ## - LOCAL PROCESSING INFORMATION (OCLC)
a Inventariado, 2018 /LP
956 ## - LOCAL ELECTRONIC LOCATION AND ACCESS (OCLC)
Host name Brenda Tavárez
Access number 10
Existencias
Withdrawn status Lost status Source of classification or shelving scheme Damaged status Not for loan Collection code Home library Current library Date acquired Source of acquisition Total Checkouts Barcode Date last seen Price effective from Koha item type
    Dewey Decimal Classification     Colección General Biblioteca Pública Metropolitana Salomé Ureña Biblioteca Pública Metropolitana Salomé Ureña 10/29/2015 FUNDI   BPMSU15100230 10/29/2015 10/29/2015 Libros